000 00322nam a2200145Ia 4500
008 230917s9999||||xx |||||||||||||| ||und||
040 _e61635
_aMAIN
041 _aEnglish
082 _a843 C159P
100 _aCamus, Albert
245 0 _aPlague
260 _aEngland
_bPenguin
_c1977
300 _a251 p.
942 _cBK
999 _c190863
_d190863